000 00415pab a2200157 454500
008 180718b1997 xxu||||| |||| 00| 0 eng d
100 _aMitchell, Jerry
245 _aRepresentation in government boards and commissions
260 _c1997
300 _ap.160-67
362 _aMar-Apr
650 _aGoverning boards
650 _aPublic administration
773 _aPublic Administration Review
909 _a33871
999 _c33871
_d33871